Soviet perceptions of East-West relationships
Αποθηκεύτηκε σε:
| Κύριος συγγραφέας: | |
|---|---|
| Συγγραφή απο Οργανισμό/Αρχή: | |
| Μορφή: | Βιβλίο |
| Γλώσσα: | English |
| Δημοσίευση: |
[S.l.] :
American Bar Association,
1977.
|
| Θέματα: | |
| Ετικέτες: |
Προσθήκη ετικέτας
Δεν υπάρχουν, Καταχωρήστε ετικέτα πρώτοι!
|
MARC
| LEADER | 00000cam a2200000 a 4500 | ||
|---|---|---|---|
| 001 | 1/121243 | ||
| 008 | 200413s1977####xx ||||||| |||| ||eng|| | ||
| 040 | |a GR-MyUa |b gre |c GR-MyUa |e AACR2 | ||
| 041 | 0 | |a eng | |
| 082 | 7 | |a 327.47073 |2 (23) | |
| 100 | 1 | |a Heuvel, Cornelis Christiaan van den. | |
| 245 | 1 | 0 | |a Soviet perceptions of East-West relationships / |c by Cornelis Christiaan van den Heuvel. |
| 260 | |a [S.l.] : |b American Bar Association, |c 1977. | ||
| 300 | |a x, 43 σ. ; |c 23 εκ. | ||
| 651 | 0 | |a Soviet Union |x Foreign relations |z United States. | |
| 651 | 0 | |a United States |x Foreign relations |z Soviet Union. | |
| 710 | 2 | |a American Bar Association |b Standing Committee on Education About Communism. | |
| 852 | |a INST |b LESVOS |e 20200413 |h 327.47073 HEU |p 005100062503 |q 005100062503 |t BK |y 0 | ||
| 920 | |a Φατούρος Α.-Φραγκουδάκη Α. |y Λέσβος |z 2012-3 | ||
| 970 | |a Δημάκη |b Μαρία |z 13-04-2020 | ||